Khám phá thế giới khoa học:

Giới thiệu những kiến thức về thế giới khoa học như vũ trụ, hệ mặt trời, không gian, tính toán thời gian, hoá học, vật liệu, điện, nước, nhiệt, ánh sáng, âm thanh...

Đã lưu trong:
书目详细资料
格式: 图书
语言:Undetermined
出版: Hà Nội Bách Khoa 2010
主题:
标签: 添加标签
没有标签, 成为第一个标记此记录!
Thư viện lưu trữ: Trung tâm Học liệu Trường Đại học Cần Thơ
LEADER 00775nam a2200193Ia 4500
001 CTU_181187
008 210402s9999 xx 000 0 und d
020 |c 125000 
082 |a 500 
082 |b Kh104 
245 0 |a Khám phá thế giới khoa học: 
245 0 |c Ngụy Thị Liễu (Biên tập) 
260 |a Hà Nội 
260 |b Bách Khoa 
260 |c 2010 
520 |a Giới thiệu những kiến thức về thế giới khoa học như vũ trụ, hệ mặt trời, không gian, tính toán thời gian, hoá học, vật liệu, điện, nước, nhiệt, ánh sáng, âm thanh... 
650 |a Science,Khoa học 
904 |i Hải 
980 |a Trung tâm Học liệu Trường Đại học Cần Thơ